mots anglais 2 - Statistiques

Statistiques générales
  • Ce quiz a été pris 5 fois
  • Le résultat moyen est 3 sur 67
Statistiques - réponses
Hint Réponse % Correct
un CV a resume
75%
un entretien d'embauche a job interview
50%
une lettre de motivation a cover letter
25%
un employé de bureau an office worker / a white collar worker
25%
licencier to fire
25%
embaucher to hire / to appoint
25%
démissionner to quit / to resign
25%
une prime a bonus
0%
l'absentéisme absenteism
0%
l'épuisement professionnel a burnout
0%
un CCD a fixed-term contract
0%
un horaire variable a flexitime
0%
un temps plein a full time
0%
la discrimination liée à l'age ageism
0%
une indemnité de départ a golden handshake
0%
une prime d'embauche a hiring bonus
0%
pole emploi a job center
0%
un demandeur d'emploi a job seeker
0%
le manque d'équilibre vie pro / vie perso a lack of work-life balance
0%
un candidat an applicant
0%
une candidature an application
0%
une retraite anticipée an early retirement
0%
un salarié an employee / a wage earner
0%
un employeur an employer
0%
un cadre an executive
0%
un CDI an open-ended contract
0%
une allocation chomage an unemployment benefit
0%
un employé non qualifié an unskilled employee
0%
un temps partiel a part time
0%
la paye a payroll
0%
la retraite a pension
0%
les avantages en nature a perk / a fringe benefit
0%
un retraité a retiree
0%
des indemnités de licenciement a severance pay
0%
un arret maladie a sick leave
0%
un employé qualifié a skilled employee
0%
une candidature spontanée a speculative application
0%
une grève a strike
0%
un contrat d'intérim a temporary contract
0%
un intérimaire a temporary worker
0%
un syndicat a trade unions
0%
un stagiaire a trainee
0%
un poste vacant a vacant / an unfilled
0%
un ouvrier a workman / a laborer
0%
un contrat d'alternance a work-study program contract
0%
un alternant a work-study student / a sandwich course student
0%
les jours fériés bank holidays
0%
la discrimination liée aux handicaps disability discrimination
0%
les inégalités salariales entre les sexes gender pay gap
0%
la discrimination liée à l'apparence physique lookism
0%
les heures supplémentaires overtimes
0%
les congés payés paid leaves
0%
la discrimination liée à la grossesse pregnancy discrimination
0%
la discrimination liée à l'origine race discrimination
0%
le plafond de verre the glass ceiling
0%
le travail au noir the illicit work
0%
la culture des heures non payés the long hours culture
0%
le congé maternité the maternity leave
0%
le congé paternité the paternity leave
0%
la période d'essai the probationary period
0%
la reconversion professionnelle the professional retraining
0%
le travail par équipe the shift work
0%
le salaire the wages
0%
le bulletin de salaire the wage slip
0%
faire la navette entre son domicile et son travail to commute
0%
renvoyer to dismiss
0%
prendre sa retraite to retire
0%
Aucun quiz correspondant
Distribution des résultats
% des personnes avec chaque résultat
Percentile par nombre de réponses
Votre historique - résultats
Vous n’avez pas pris ce quiz